Administracion agraria y trabajo : un caso de la economia politica mexicana /

Bibliographic Details
Main Author: Halperin, Rhoda H.
Format: Book
Language:Spanish
English
Published: Mexico : Instituto Nacional Indigenista : Secretaria de Educacion Publica, [1975]
Series:Colección SEP-INI ; no. 36.
Subjects:

MARC

Tag First Indicator Second Indicator Subfields
LEADER 00000cam a2200000 a 4500
001 in00000077750
005 20151008053834.0
008 800709s1975 mx abf b f00010 spam
010 |a  80112674  
019 |a 2611101 
035 |a (OCoLC)02398797 
035 |9 AAH8813AM 
040 |a DLC  |c DLC  |d TXA  |d UtOrBLW 
041 1 |a spa  |a eng 
043 |a n-mx--- 
049 |a TXAM  |c [800342] 
050 0 0 |a HN120.C4  |b H3418 
082 0 |a 307.7/2/097265  |2 19 
100 1 |a Halperin, Rhoda H. 
245 1 0 |a Administracion agraria y trabajo :  |b un caso de la economia politica mexicana /  |c Rhoda H. Halperin ; [traduccion de Antonieta S. M. de Hope]. 
264 1 |a Mexico :  |b Instituto Nacional Indigenista :  |b Secretaria de Educacion Publica,  |c [1975] 
264 4 |c ©1975 
300 |a 228 pages, 16 unnumbered pages of plates :  |b illustrations, map ;  |c 22 cm. 
336 |a text  |b txt  |2 rdacontent 
337 |a unmediated  |b n  |2 rdamedia 
338 |a volume  |b nc  |2 rdacarrier 
490 1 |a Coleccion SEP-INI ;  |v no. 36 
504 |a Bibliography: pages 213-226. 
650 0 |a Peasants  |z Mexico  |z Chan-Kom. 
650 0 |a Land tenure  |z Mexico  |z Chan-Kom. 
650 0 |a Economic anthropology  |z Mexico  |z Chan-Kom  |x Case studies. 
651 0 |a Chan-Kom (Mexico)  |x Rural conditions. 
830 0 |a Colección SEP-INI ;  |v no. 36. 
999 |a MARS 
999 f f |s dd3d4980-8d4a-3ab0-ac17-1a774f3bb075  |i b6475d5b-870b-3b94-995b-121e835c8c81  |t 0 
952 f f |p ric  |a Texas A&M University  |b Rellis Campus  |c Joint Library Facility  |d Remote Storage  |t 0  |e HN120.C4 H3418  |h Library of Congress classification  |i unmediated -- volume  |m A14806140805 
998 f f |a HN120.C4 H3418  |t 0  |l Remote Storage